| 000 | 01182cad a2200265 4500 | ||
|---|---|---|---|
| 001 | L158902 | ||
| 008 | 100215n2013 000 0 eng u | ||
| 020 | _a9781783210305 | ||
| 035 | _a(Sirsi) u158902 | ||
| 041 | _aeng | ||
| 100 | 1 | _aAlsuliman, Jawad | |
| 111 | 2 |
_aConstruction and Building Research Conference _cIIT Delhi, New Delhi _d10-12 September 2013 |
|
| 245 | 0 | 4 |
_aThe impact of variation orders in the construction phase in the Saudi construction industry _bcase studies _h[electronic resource] |
| 260 |
_aLondon _bRICS _c2013 |
||
| 490 | 0 |
_aCOBRA _v2013 |
|
| 520 | _aA paper presented at the COBRA Conference in New Delhi on 10-12 September 2013. Aims to discover the impact of variation orders on a construction project during the construction phase in the Saudi hospital construction industry. To achieve the aim, two case studies were carried out at Skaka Hospital and Baljurashi Hospital. | ||
| 650 | 2 | 4 | _aCONSTRUCTION AND BUILDING RESEARCH CONFERENCE (COBRA) |
| 650 | 2 | 4 | _aVARIATION ORDERS |
| 650 | 2 | 4 | _aCONSTRUCTION PHASE |
| 650 | 2 | 4 | _aCONSTRUCTION TIME |
| 651 | 4 | _aIndia | |
| 690 |
_aProject management _96261 |
||
| 700 | 1 | _aBarron, Sam | |
| 942 | _n0 | ||
| 999 |
_c115580 _d115580 |
||